[Event "Marburg op-B"]
[Site "Marburg"]
[Date "2023.10.29"]
[Round "6"]
[White "Scheerer, Amelie"]
[Black "Himmelspacht, Maxim"]
[Result "1/2-1/2"]
[WhiteElo "1468"]
[BlackElo "1588"]
[PlyCount "57"]
[EventDate "2023.10.26"]
[EventType "swiss"]
[EventRounds "7"]
[EventCountry "GER"]
[SourceTitle "CB49_2023"]
[SourceDate "2023.12.06"]
[SourceVersion "1"]
[SourceVersionDate "2023.12.06"]
[SourceQuality "1"]

1. e4 e6 2. d4 d5 3. exd5 exd5 4. Nf3 Nf6 5. Bd3 Bd6 6. 0-0 0-0 7. Bg5 Bg4 8. h3 Bh5 9. Nbd2 c6 10. c3 Nbd7 11. Qc2 Bg6 12. Rfe1 Bxd3 13. Qxd3 h6 14. Bh4 Qc7 15. Bxf6 Nxf6 16. Ne5 Rfe8 17. f4 Re7 18. Re2 Rae8 19. Rae1 Qa5 20. a3 Qb6 21. Nf1 Ne4 22. Ng3 Nxg3 23. Qxg3 f6 24. Nd7 Rxe2 25. Rxe2 Rxe2 26. Nxb6 axb6 27. Qg4 Re7 28. Kf2 Kf7 29. g3 1/2-1/2

[Event "Heusenstamm Sparkassen op U14 7th"]
[Site "Heusenstamm"]
[Date "2021.11.20"]
[Round "4.3"]
[White "Himmelspacht, Maxim"]
[Black "Mohammadzadeh, Daris"]
[Result "0-1"]
[WhiteElo "1538"]
[BlackElo "1335"]
[PlyCount "138"]
[EventDate "2021.11.19"]
[EventType "swiss"]
[EventRounds "7"]
[EventCountry "GER"]
[SourceTitle "EXT 2023"]
[Source "ChessBase"]
[SourceDate "2022.10.05"]
[SourceVersion "1"]
[SourceVersionDate "2022.10.05"]
[SourceQuality "1"]

1. e4 c5 2. Nf3 g6 3. c3 Bg7 4. d4 cxd4 5. cxd4 d5 6. e5 Nc6 7. Nc3 Bg4 8. Be2 e6 9. h3 Bxf3 10. Bxf3 Nge7 11. b3 Nf5 12. Ne2 0-0 13. 0-0 Nh4 14. Qd3 Rc8 15. Ba3 Re8 16. g3 Nxf3+ 17. Qxf3 f6 18. exf6 Qxf6 19. Qxf6 Bxf6 20. Bb2 e5 21. dxe5 Nxe5 22. Bxe5 Rxe5 23. Nf4 d4 24. Rac1 Rc3 25. Rfe1 d3 26. Nxd3 Rxe1+ 27. Rxe1 Rxd3 28. Re6 Kf7 29. Re4 Rd4 30. Re2 Rd1+ 31. Kg2 Rb1 32. Rc2 Be5 33. Re2 Kf6 34. Rd2 Rb2 35. Rd7 Rxa2 36. Rxb7 h5 37. g4 hxg4 38. hxg4 Bd4 39. Rd7 Bb6 40. Rd6+ Kf7 41. g5 Rxf2+ 42. Kh3 Rf3+ 43. Kg4 Rxb3 44. Rd7+ Ke6 45. Rg7 Rb4+ 46. Kf3 Kf5 47. Rd7 Rb3+ 48. Ke2 Kxg5 49. Rd5+ Kf4 50. Rd1 Rb2+ 51. Kd3 Rf2 52. Rc1 g5 53. Rc8 g4 54. Rf8+ Kg3 55. Rh8 Rh2 56. Rf8 Kg2 57. Rg8 g3 58. Ke2 Bf2 59. Rf8 Kh1 60. Rg8 g2 61. Kxf2 g1Q+ 62. Kf3 Qf2+ 63. Ke4 Rh4+ 64. Kd5 Qf5+ 65. Kd6 Rh6+ 66. Ke7 Qe6+ 67. Kf8 Rf6+ 68. Kg7 Qf7+ 69. Kh8 Rh6# 0-1

[Event "Heusenstamm Sparkassen op U14 6th"]
[Site "Heusenstamm"]
[Date "2019.11.23"]
[Round "3"]
[White "Himmelspacht, Maxim"]
[Black "Biallas, Flynn"]
[Result "1-0"]
[WhiteElo "1189"]
[BlackElo "953"]
[PlyCount "39"]
[EventDate "2019.11.21"]
[EventType "swiss"]
[EventRounds "7"]
[EventCountry "GER"]
[SourceTitle "CBM 194 Extra"]
[Source "ChessBase"]
[SourceDate "2020.03.31"]
[SourceVersion "1"]
[SourceVersionDate "2020.03.31"]
[SourceQuality "1"]

1. e4 e5 2. Nf3 Nc6 3. d4 d6 4. dxe5 dxe5 5. Qxd8+ Kxd8 6. Bc4 Nf6 7. Nc3 Bb4 8. Bd2 Nd4 9. Nxe5 Rf8 10. 0-0-0 Re8 11. Nxf7+ Ke7 12. Ng5 Ng4 13. Nd5+ Kd8 14. Bxb4 Nxf2 15. Rxd4 Nxh1 16. Nf6+ Bd7 17. Rxd7+ Kc8 18. Be6 Rxe6 19. Nxe6 gxf6 20. Rd8# 1-0

[Event "Heusenstamm Sparkassen op U14 6th"]
[Site "Heusenstamm"]
[Date "2019.11.22"]
[Round "1"]
[White "Himmelspacht, Maxim"]
[Black "Sarbu, Carla Alexandra"]
[Result "1-0"]
[WhiteElo "1189"]
[BlackElo "846"]
[PlyCount "85"]
[EventDate "2019.11.21"]
[EventType "swiss"]
[EventRounds "7"]
[EventCountry "GER"]
[SourceTitle "CBM 194 Extra"]
[Source "ChessBase"]
[SourceDate "2020.03.31"]
[SourceVersion "1"]
[SourceVersionDate "2020.03.31"]
[SourceQuality "1"]

1. e4 e5 2. Nf3 Nc6 3. d4 Nf6 4. dxe5 Nxe4 5. Bc4 Bc5 6. Qd5 0-0 7. Qxe4 Qe8 8. 0-0 Bd6 9. Re1 Bxe5 10. Nxe5 Nxe5 11. Qxe5 Qxe5 12. Rxe5 d6 13. Re2 Be6 14. Bxe6 fxe6 15. Nc3 d5 16. Rxe6 Rfe8 17. Rxe8+ Rxe8 18. Be3 c6 19. Re1 d4 20. Bd2 Rd8 21. Ne4 d3 22. cxd3 Rxd3 23. Re3 Rd4 24. Kf1 a6 25. Ke2 Kf7 26. f3 b5 27. Rd3 Rc4 28. Nd6+ Ke6 29. Nxc4 bxc4 30. Rc3 Kd5 31. Ke3 a5 32. Ra3 Kc5 33. Rxa5+ Kb6 34. Kd4 g5 35. Kxc4 h5 36. Kb4 Kb7 37. Be3 c5+ 38. Rxc5 g4 39. Kb5 gxf3 40. gxf3 h4 41. h3 Kb8 42. Kb6 Ka8 43. Rc8# 1-0

[Event "Bad Soden U10 op"]
[Site "Bad Soden"]
[Date "2019.10.05"]
[Round "7"]
[White "Mandalka, Justus"]
[Black "Himmelspacht, Maxim"]
[Result "1/2-1/2"]
[WhiteElo "1175"]
[BlackElo "1180"]
[PlyCount "68"]
[EventDate "2019.10.03"]
[EventType "swiss"]
[EventRounds "9"]
[EventCountry "GER"]
[SourceTitle "CBM 192 Extra"]
[Source "Chessbase"]
[SourceDate "2019.11.06"]
[SourceVersion "1"]
[SourceVersionDate "2019.11.06"]
[SourceQuality "1"]

1. e4 e6 2. d4 d5 3. e5 c5 4. Nf3 cxd4 5. Nxd4 Bc5 6. Be3 Qb6 7. Bb5+ Bd7 8. Nc3 Bxb5 9. Ncxb5 a6 10. Nd6+ Bxd6 11. Nb3 Bb4+ 12. c3 Bxc3+ 13. bxc3 Qc7 14. Bd4 Nc6 15. 0-0 Nxe5 16. f4 Ng6 17. Bxg7 N8e7 18. Bxh8 Nxh8 19. Qd4 Nhg6 20. Rac1 Nf5 21. Qc5 Qd7 22. Rfd1 Nxf4 23. Rc2 Rc8 24. Qf2 Ng6 25. Re1 Kf8 26. Nc5 Qe7 27. Nd3 Kg8 28. Ne5 Nxe5 29. Rxe5 Qf6 30. Re3 d4 31. Rg3+ Kf8 32. Rh3 Kg7 33. cxd4 Rxc2 34. Qxc2 Qxd4+ 1/2-1/2

[Event "Bad Soden U10 op"]
[Site "Bad Soden"]
[Date "2019.10.04"]
[Round "3"]
[White "Liu, Ruian Ray"]
[Black "Himmelspacht, Maxim"]
[Result "1/2-1/2"]
[WhiteElo "968"]
[BlackElo "1180"]
[PlyCount "35"]
[EventDate "2019.10.03"]
[EventType "swiss"]
[EventRounds "9"]
[EventCountry "GER"]
[SourceTitle "CBM 192 Extra"]
[Source "Chessbase"]
[SourceDate "2019.11.06"]
[SourceVersion "1"]
[SourceVersionDate "2019.11.06"]
[SourceQuality "1"]

1. e4 e6 2. d4 d5 3. e5 c5 4. c3 Nc6 5. Nf3 Qb6 6. Be2 Bd7 7. 0-0 f6 8. b3 fxe5 9. dxe5 Nge7 10. Bf4 g6 11. Re1 Bg7 12. Bd3 0-0 13. Bg3 Nf5 14. Qd2 Nxg3 15. hxg3 Qc7 16. Qe2 Rae8 17. Na3 a6 18. Qe3 1/2-1/2

[Event "Bad Soden U10 op"]
[Site "Bad Soden"]
[Date "2019.10.03"]
[Round "1"]
[White "Mishurisman, Isabelle"]
[Black "Himmelspacht, Maxim"]
[Result "0-1"]
[WhiteElo "769"]
[BlackElo "1180"]
[PlyCount "84"]
[EventDate "2019.10.03"]
[EventType "swiss"]
[EventRounds "9"]
[EventCountry "GER"]
[SourceTitle "CBM 192 Extra"]
[Source "Chessbase"]
[SourceDate "2019.11.06"]
[SourceVersion "1"]
[SourceVersionDate "2019.11.06"]
[SourceQuality "1"]

1. e4 e6 2. Nf3 d5 3. e5 c5 4. d4 cxd4 5. Nxd4 Bc5 6. Nb3 Bb6 7. Nc3 a6 8. Bd3 Nc6 9. Bf4 Nge7 10. 0-0 Ng6 11. g3 Ncxe5 12. Bxe5 Nxe5 13. Be2 0-0 14. Qe1 Bd7 15. Rd1 Re8 16. Rd2 Rc8 17. h3 h6 18. Rd1 Qf6 19. Nd2 Ba5 20. a3 Qd8 21. Ndb1 Bb5 22. b4 Bb6 23. a4 Bxe2 24. Qxe2 Qf6 25. a5 Ba7 26. Rfe1 Nf3+ 27. Kg2 Nxe1+ 28. Qxe1 Rc4 29. Kg1 Rec8 30. h4 Rxc3 31. Nxc3 Qxc3 32. Qxc3 Rxc3 33. Rc1 d4 34. g4 d3 35. Rd1 Kf8 36. Kg2 dxc2 37. Rc1 Ke7 38. f3 Be3 39. Rxc2 Rxc2+ 40. Kg3 g5 41. h5 Bf4+ 42. Kh3 Rh2# 0-1